Применение вероятностно-статистических методов исследования для проведения педагогического эксперимента; Прогрессивные технологии и экономика в машиностроении

Detalles Bibliográficos
Parent link:Прогрессивные технологии и экономика в машиностроении.— 2015.— [С. 306-308]
Autor principal: Юрченко В. Ю.
Autor Corporativo: Национальный исследовательский Томский политехнический университет (ТПУ) Юргинский технологический институт (филиал) (ЮТИ) Кафедра информационных систем (ИС)
Otros Autores: Разумников С. В. Сергей Викторович (научный руководитель)
Sumario:Заглавие с экрана
Lenguaje:ruso
Publicado: 2015
Colección:Автоматизация и информатизация на производстве и в образовательном процессе
Materias:
Acceso en línea:http://earchive.tpu.ru/handle/11683/17672
http://www.lib.tpu.ru/fulltext/c/2015/C57/129.pdf
Formato: MixedMaterials Electrónico Capítulo de libro
KOHA link:https://koha.lib.tpu.ru/cgi-bin/koha/opac-detail.pl?biblionumber=611826

MARC

LEADER 00000naa2a2200000 4500
001 611826
005 20260417101451.0
035 |a (RuTPU)RU\TPU\conf\9673 
035 |a RU\TPU\conf\9664 
090 |a 611826 
100 |a 20150422d2015 k y0rusy50 ca 
101 0 |a rus 
102 |a RU 
135 |a drcn ---uucaa 
181 0 |a i  
182 0 |a b 
200 1 |a Применение вероятностно-статистических методов исследования для проведения педагогического эксперимента  |f В. Ю. Юрченко  |g науч. рук. С. В. Разумников 
203 |a Текст  |c электронный 
215 |a 1 файл(371 Кб) 
225 1 |a Автоматизация и информатизация на производстве и в образовательном процессе 
300 |a Заглавие с экрана 
320 |a [Библиогр.: с. 308 (3 назв.)] 
337 |a Adobe Reader 
463 1 |0 (RuTPU)RU\TPU\conf\9525  |t Прогрессивные технологии и экономика в машиностроении  |o сборник трудов VI Всероссийской научно-практической конференции для студентов и учащейся молодежи, 9-11 апреля 2015 г., Юрга  |f Национальный исследовательский Томский политехнический университет (ТПУ), Юргинский технологический институт (ЮТИ) ; под ред. Д. А. Чинахова  |v [С. 306-308]  |d 2015 
610 1 |a электронный ресурс 
610 1 |a труды учёных ТПУ 
610 1 |a вероятностно-статистические методы 
610 1 |a исследования 
610 1 |a педагогические эксперименты 
700 1 |a Юрченко  |b В. Ю. 
702 1 |a Разумников  |b С. В.  |c специалист в области информатики и вычислительной техники  |c ассистент Юргинского технологического института (филиала) Томского политехнического университета  |f 1988-  |g Сергей Викторович  |4 727 
712 0 2 |a Национальный исследовательский Томский политехнический университет (ТПУ)  |b Юргинский технологический институт (филиал) (ЮТИ)  |b Кафедра информационных систем (ИС)  |3 (RuTPU)RU\TPU\col\18893 
801 1 |a RU  |b 63413507  |c 20101016 
801 2 |a RU  |b 63413507  |c 20210212  |g RCR 
856 4 |u http://earchive.tpu.ru/handle/11683/17672 
856 4 |u http://www.lib.tpu.ru/fulltext/c/2015/C57/129.pdf 
942 |c BK